| 000 | 00755nam a22002297a 4500 | ||
|---|---|---|---|
| 999 |
_c17315 _d17315 |
||
| 003 | AR-CdUCM | ||
| 008 | 190508b ||||| |||| 00| 0 spa d | ||
| 040 |
_aMUNICIPALIDAD PROVINCIAL DEL CUSCO _cBIBLIOTECA MUNICIPAL DEL CUSCO |
||
| 041 | _heng | ||
| 082 |
_a940.548147 / _bP48 |
||
| 100 |
_aPetrov, Vladimir Mikhalovich _937258 |
||
| 245 | _aMi huida de Rusia / | ||
| 260 |
_aBuenos Aires : _bBell, _c1956. |
||
| 300 |
_a318 páginas ; _c21 cm. |
||
| 505 | _aContenido: A través de la Rusia en guerra -- Bajo la ocupación Alemana -- Europa. | ||
| 650 |
_aEuropa _91221 |
||
| 650 |
_aGuerra _91007 |
||
| 650 |
_aRefugiados rusos _937259 |
||
| 700 |
_aScala, Lucía Susana (traducción) _937260 |
||
| 942 |
_2ddc _cLIBROS |
||
| 945 |
_aachl _d2019-05-08 |
||